Vedlejší ujednání při kupní smlouvě.

V rámci kúpnej zmluvy si predávajúci a kupujúci môžu dohodnúť niektoré zvláštne dohovory. Medzi tieto dohovory patrí: výhrada vlastníctva, predkupné právo, právo spätnej kúpy, kúpa na skúšku, cenová doložka. Vysvetlenie, praktické rady a návody, ako aj vzory k jednotlivým dohovorom.

Gespeichert in:
Bibliographische Detailangaben
1. Verfasser: Pohl, Tomáš
Format: Buchkapitel
Sprache:Tschechisch
Schlagworte:
Tags: Tag hinzufügen
Keine Tags, Fügen Sie das erste Tag hinzu!

MARC

LEADER 00000naa a2200000 4500
001 r013461
005 20221213081704.4
041 0 |a cze 
044 |a CZ 
245 1 0 |a Vedlejší ujednání při kupní smlouvě.  |c Tomáš Pohl 
520 |a V rámci kúpnej zmluvy si predávajúci a kupujúci môžu dohodnúť niektoré zvláštne dohovory. Medzi tieto dohovory patrí: výhrada vlastníctva, predkupné právo, právo spätnej kúpy, kúpa na skúšku, cenová doložka. Vysvetlenie, praktické rady a návody, ako aj vzory k jednotlivým dohovorom. 
610 2 0 |a zmluvy kúpne 
610 2 0 |a predaj 
610 2 0 |a kúpa 
610 2 0 |a dohody obchodné 
610 2 0 |a predpisy právne 
610 2 0 |a právo obchodné 
100 1 |a Pohl, Tomáš